| 000 | 00365pab a2200157 454500 | ||
|---|---|---|---|
| 008 | 180718b2009 xxu||||| |||| 00| 0 eng d | ||
| 100 | _aSharan, Shree Shankar | ||
| 245 | _aElection titbits, Sad absence of ideology | ||
| 260 | _c2009 | ||
| 300 | _ap.13-14. | ||
| 362 | _a25 Apr | ||
| 650 | _aElections | ||
| 773 | _aMainstream | ||
| 908 | _aN | ||
| 909 | _a82111 | ||
| 999 |
_c82111 _d82111 |
||